000 00599nam a2200229Ia 4500
003 OSt
005 20220928114536.0
006 a|||||r|||| 00| 0
007 ta
008 220927b |||||||| |||| 00| 0 eng d
024 _a95570
037 _cTextual
040 _aSDCL
_cSDCL
_beng
041 _2eng
_aeng
082 _aY15.46'N8, M4
100 _aUnesco
245 0 _aSocial science research and women in the Arab world
260 _aLondon
_bFrances Pinter
_c1984
300 _ax,175p
_ccm.
942 _hY15.46'N8, M4
_cTEXL
_2CC
999 _c755296
_d755296